Statistics for Bournemouth Premier League XIs

Click here to take the quiz!

General Stats

  • This quiz has been taken 258 times
    (8 since last reset)
  • The average score is 16 of 36

Answer Stats

Answer% Correct
Dominic Solanke
86%
Neto
86%
Aaron Ramsdale
71%
Adam Smith
71%
Callum Wilson
71%
Harry Wilson
71%
Charlie Daniels
57%
Illya Zabarnyi
57%
Jefferson Lerma
57%
Joshua King
57%
Marcus Tavernier
57%
Milos Kerkez
57%
Philip Billing
57%
Artur Boruc
43%
Asmir Begović
43%
David Brooks
43%
Junior Stanislas
43%
Lewis Cook
43%
Marcos Senesi
43%
Ryan Christie
43%
Ryan Fraser
43%
Steve Cook
43%
Andrew Surman
29%
Antoine Semenyo
29%
Chris Mepham
29%
Dan Gosling
29%
Diego Rico
29%
Jack Wilshere
29%
Jordan Zemura
29%
Jordon Ibe
29%
Justin Kluivert
29%
Lloyd Kelly
29%
Matt Ritchie
29%
Nathan Aké
29%
Simon Francis
29%
Harry Arter
14%

Score Distribution

Percentile by Number Answered

Percent of People with Each Score

Your Score History

You have not taken this quiz since the last reset